000 00426nam a2200157 4500
001 111144
003 ES-MaACL
005 20230906185242.0
007 t|
008 061121s1964 sp r ||||1| spa d
100 1 _aOlano, Antonio D.
_986651
245 1 0 _aOperación safari /
_cAntonio D. Olano.
260 _aMadrid :
_bCid,
_c1964.
300 _a144 p., 9 lám. :
_bil. ;
_c26 cm.
852 _aES-MaACL
_jC-26326
_bR.55455
999 _c111144
_d111144